| 000 | 00857cab a22002175a 4500 | ||
|---|---|---|---|
| 001 | L152779 | ||
| 008 | 110427e20110416xxk 000 0 eng d | ||
| 035 | _a(Sirsi) u152779 | ||
| 041 | 0 | _aeng | |
| 100 | 1 | _aQuinn, David | |
| 245 | 0 | 0 |
_aFocus _bEast Midlands |
| 260 | _c2011 | ||
| 490 |
_aEstates Gazette _v(1115) 16 April 2011, 63-81(14) |
||
| 520 | _aIncludes reports on the proposed Tesco store in the Eastside area of Nottingham which the council is opposing, the first mayoral election in Leicester and Derby Council's proactive approach to the local office market. With detail of office and industrial sector performance including an agents league table. | ||
| 590 | _aKA | ||
| 651 | 4 | _aEast Midlands | |
| 690 | _aPROPERTY-COMMERCIAL PROPERTY-COMMERCIAL PROPERTY MARKET | ||
| 700 | 1 | _aThame, David | |
| 700 | 1 | _aPilkington, Lisa | |
| 942 | _n0 | ||
| 999 |
_c83085 _d83085 |
||